TFC 2025 squad - Statistics

General Stats
  • This quiz has been taken 3 times
  • The average score is 10 of 26
Answer Stats
Hint Answer % Correct
🇮🇹FW Lorenzo Insigne
100%
🇭🇳CM Deybi Flores
67%
🇮🇪CB Kevin Long
67%
🇨🇦GK Luka Gavran
67%
🏴󠁧󠁢󠁥󠁮󠁧󠁿 CM Matty Longstaff
67%
🇺🇸GK Sean Johnson
67%
🇪🇸CM Alonso Coello
33%
🇺🇸FW Charlie Sharp
33%
🇨🇦FW Deandre Kerr
33%
🇺🇸CM Derrick Etienne Jr.
33%
🇮🇹FW Federico Bernardeschi
33%
🇺🇸CB Henry Wingo
33%
🇨🇦CM Jonathan Osorio
33%
🇨🇦CB Kobe Franklin
33%
🇨🇦CM Kosi Thompson
33%
🇫🇷CB Nick Gomis
33%
🇳🇴FW Ola Brynhildsen
33%
🇩🇪CB Raoul Petretta
33%
🇨🇦CB Richie Laryea
33%
🇳🇴CB Sigurd Rosted
33%
🇨🇦FW Theo Corbeanu
33%
🇹🇹FW Tyrese Spicer
33%
🏴󠁧󠁢󠁥󠁮󠁧󠁿CB Zane Monlouis
33%
🇿🇦FW Cassius Mailula
0%
🇨🇦FW Hugo Mbongue
0%
🇨🇦CM Markus Cimermancic
0%
No matching quizzes found
Score Distribution
Percent of People with Each Score
Percentile by Number Answered
Your Score History
You have not taken this quiz